MDQL
is popping MORE tags! Check the
thread
!
Quizzes
Events
Quiz Creation
Community
Videos
Private Events
Remove Ads
Sign In
Join for FREE
Feedback
Dark Mode
Quiz Categories
Sports
Geography
Music
Movies
Television
Just For Fun
Miscellaneous
History
Literature
Language
Science
Gaming
Entertainment
Religion
Holiday
For Kids
Quiz Lab
Recent
Popular Today
Quiz Kudos Today
Editor Picks
Curator Picks
Quizzes by...
Day
Popularity
Type
Ratings
Length
Year
Community
Subscriptions
Recent Discussions
Orange Saloon
Badges
Playlists
Quests
Create
Leaderboards
Showdown
Live 5
Trivia Bingo
Activity
Puzzle Library
Sporcle Events
Private Events
Virtual Trivia
Globe League
Become a Host
Pub Owners
SporcleCon
Opinionation
Our Games
Videos
Blog
Mobile Apps
Partnerships
Remove Ads and Go Orange
Feedback
Language
Vocabulary
Begins and Ends
Definition
Spanish
French
German
Italian
Chinese
Latin
Translation
Japanese
Language
Vocabulary
Begins and Ends
Definition
Spanish
French
German
Italian
Chinese
Latin
Translation
Japanese
Random Quiz
Search Sporcle
×
Quiz Lab
Quiz Lab
Language
French
Type in answers that appear in a list
Type in answers that appear in a list
Classic
Best Score? Go Orange.
French Crossword Clues Stats
Can you name the answers to crossword clues, that are words the english adapted from the french?
By
phamquiz
10m
30 Questions
123 Plays
123 Plays
123 Plays
Comments
Comments
Give Quiz Kudos
Give Quiz Kudos
-
- Ratings
hide this ad
More Info
Random Order
Randomize order of answers
Randomize order of answers
Replay
Link that replays current quiz
Next Quiz
Link to next quiz in quiz playlist
You Got
0%
They Got
Avg Score
35%
Avg Friend Score
Upgrade to see
Score Distribution
Jump to the score distribution portion of the page
Score
0/30
Timer
10:00
0
Plays Today
Clues
% Correct
Fat Tuesday
mardi gras
74%
seen before
deja vu
73.2%
there it is (magician)
voila
68.3%
i don't know what
je ne sais quoi
56.1%
long live france
vive la france
56.1%
dead end
cul-de-sac
55.3%
female underwear
lingerie
52%
total boredom
ennui
50.4%
seductive, deadly woman
femme fatale
50.4%
crafting with paper and paste
papier-mache
49.6%
blow to the state
coup d'etat
48%
exterior side of building
facade
46.3%
fencing saying
en garde
43.1%
babysitter
au pair
36.6%
RSVP (long version)
repondez s'il vous plait
36.6%
Clues
% Correct
soup of the day
soupe du jour
36.6%
hotel receptionist
concierge
35.8%
cabinet, wardrobe
armoire
34.1%
urban gymnastics
parkour
33.3%
high sewing
haute couture
28.5%
confusing, often bloody fight
melee
22.8%
oil and vinegar
vinaigrette
18.7%
collage with cut paper
decoupage
17.1%
cutting edge, out of the box
avant-garde
14.6%
spectacles w/
temple arm
pince-nez
11.4%
morale
esprit de corps
8.1%
destruction from a traitor
sabotage
6.5%
private conversation
tete-a-tete
6.5%
ornamental objects
bric-a-brac
3.3%
lacework
macrame
2.4%
Quiz Playlist
Details
Report
Send in Message
Add To Playlist
More Info:
All words used are also part of English Language.
Classic:
Type in answers that appear in a list
Random Order:
Randomize order of answers
Last Updated: Feb 16, 2017
Quiz Scoreboard
CHALLENGE
Sign Up to Join the Scoreboard
Show All
Scores
Hide
Comments
May contain spoilers
Recently Published
Two Season TV Shows II
by 123Four
Television
10m
Image Sorting: Flags VI
by Barbecue
Geography
2m
Find the 'City' Movie
by crazypaving
Movies
60s
More to Explore
Quiz From the Vault
Featured Blog Post
14 Easter Pick-up Lines to Find Eggs With
hide this ad
You Might Also Like...
Tags
Crossword Quiz
French Quiz
Adapted
English
Today's Top Quizzes in Language
Browse Language
hide this ad
Today's Top Quizzes in French
Browse French
Top Contributed Quizzes in Language
1
What Word Starts All?
2
1-10 Letter F Words III
3
Arabic Numerals
4
1-10 Letter G Words III
5
Harry Potter book 6 chapters: English & Greek
6
1-10 Letter H Words III
7
Weisst du, aus welchen Sprachen diese Wörter stammen?
8
1-10 Letter I Words III
9
Celtic Nations in their Language
10
Russian Alphabet (Picture Click)
Explore More
Trending Topics
Crossword
Anime
Harry Potter
Marvel
Kpop
Disney
NBA
Country
Soccer
Pokémon
Puzzle
WWE
The Office
Song
NFL
hide this ad
More By:
phamquiz
Quiz
Plays
Rating
Category
Featured
Created
Cities in a Different Language
194
3.20
Language
May 20, 2013
French Crossword Clues
123
2.50
Language
Jan 9, 2013
Arabic Loanword Crossword Puzzle
107
4.00
Language
Jan 29, 2013
World Capitals that Begin with A
100
4.00
Geography
May 23, 2012
Italian Crossword Clues
85
Language
Jan 13, 2013
Go to Creator's Profile
Score Distribution
Quiz Creator Spotlight
phamquiz
Follow
Send a Message
Quizzes Created
-
Created Quiz Play Count
-
More By This Creator
Popular Quizzes Today
1
Colored Red Africa Blitz
2
Find the US States - No Outlines Minefield
3
Find the 'City' Movie
4
5x2 Blitz: Bands
5
The Countries of the World
6
Find the US States
7
Find the Countries of Europe - No Outlines Minefield
8
US States
More Language Quizzes
Note-Worthy Words III
Published
Trending Quizzes
Colored Red Europe Blitz I
Colored Red Africa Blitz II
Colored Red Europe Blitz II
Colored Red Africa Blitz III
Colored Red Europe Blitz III
Recently Updated
How Do You Spell That?
pecheneg
Godzilla Movies
pecheneg
Grab Bag: 4-10 Letters
pecheneg
2024 March Madness Bracket
pecheneg
Famous TV Couples
Peacemaker
Champions League XIs: Real Madrid
pecheneg
Largest US Cities 1790-2010
pecheneg
Rides in Walt Disney World
pecheneg
Most Oscar Losses (Acting)
pecheneg
Beyoncé Albums
pecheneg
Trending Topics
Crossword
Anime
Kpop
Harry Potter
Marvel
NBA
Disney
NFL
Song
Pokémon
Country
The Office
Puzzle
Soccer
WWE
Your Account Isn't Verified!
In order to create a playlist on Sporcle, you need to verify the email address you used during registration. Go to your
Sporcle Settings
to finish the process.
Report this User
Report this user for behavior that violates our
Community Guidelines
.
Details:
Send Report
Go to the Sporcle.com Mobile Site →
Comments